Представление документа в формате RUSMARC

ПолеНазваниеЗначение
  Тип записи a
  Библиографический уровень m
001 Контрольный номер RU/ГПНТБ России/IBIS/Ш6(2=Р)7/Б 199-440544268
005 Дата корректировки 20260616123413.4
010 Индекс ISBN __
a ISBN 978-5-4484-5657-2
b Уточнения в пер.
9 Тираж 1300
100 Данные общей обработки __
a Данные общей обработки 20260616d2025 m y0rusy0250
101 Язык документа 0_
a Язык текста rus
102 Страна публикации __
a Страна публикации RU
105 Кодированные данные (монография) __
a Кодированные данные (монография) y zz 000ay
181 Поле кодированных данных: вид содержания _0
a Код вида содержания (ISBD) i
182 Поле кодированных данных: тип средства _0
a Код типа средства (ISBD) n
200 Заглавие и сведения об ответственности 1_
a Заглавие Война и любовь
e Сведения, относящиеся к заглавию роман
f Первые сведения об ответственности Сергей Бакшеев
203 Вид содержания и тип средства __
c Тип средства непосредственный
a Вид содержания Текст
210 Выходные данные 1_
a Место издания Москва
c Издательство Вече
d Дата издания 2025
215 Физическое описание __
a Объем 351 с.
d Формат 21 см
225 Серия 2_
a Серия Военные приключения
333 Примечание о целевом назначении __
a Примечание о целевом назначении информационная продукция для детей, достигших возраста двенадцати лет
333 Примечание о целевом назначении __
a Примечание о целевом назначении для взрослых, общего характера
686 Индексы других классификаций __
2 Код системы rubbk
a Классификационный индекс Ш6(2=Р)7
686 Индексы других классификаций __
2 Код системы rugasnti
a Классификационный индекс 17.82.31
700 Автор _1
a Фамилия Бакшеев
b Имя С. П.
g Полное личное имя Сергей Павлович
f Даты 1960-
4 Код отношения 070
801 Источник записи _0
b Организация ГПНТБ России
a Страна RU
c Дата составления 20260616
801 Источник записи _1
b Организация ГПНТБ России
a Страна RU
c Дата составления 20260616
852 Данные о местонахождении 5_
a Наименование организации ГПНТБ России
m Суффикс шифра хранения 1106165
b Сигла хранения ЦГБ
j Шифр хранения Ш6(2=Р)7
p Инвентарный номер RU
899 Данные о местонахождении __
a Местонахождение ГПНТБ России
p Штрих-код 1106165
b Место хранения ЦГБ
h Классификационная часть РШ Ш6(2=Р)7
i Авторский знак Б 199
901 Тип документа __
a Ответственный заим.